Statistics for Ülkelerin Bayrakları

Click here to take the quiz!

General Stats

  • This quiz has been taken 4 373 times
  • The average score is 83 of 197

Answer Stats

Answer% Correct
Amerika Birleşik Devletleri
99%
Birleşik Krallık
97%
Kanada
90%
Fransa
88%
Rusya
88%
İtalya
87%
Hollanda
83%
Avustralya
82%
Güney Kore
81%
Japonya
81%
İrlanda
79%
Brezilya
78%
Yunanistan
78%
Çin
76%
İsveç
75%
Türkiye
74%
Azerbaycan
73%
İsrail
73%
Yeni Zelanda
73%
Almanya
72%
Norveç
72%
Bulgaristan
71%
İspanya
71%
Belçika
70%
Finlandiya
70%
Hindistan
70%
İsviçre
70%
Suudi Arabistan
70%
Arnavutluk
69%
Danimarka
68%
Pakistan
68%
Gürcistan
67%
Arjantin
66%
Macaristan
65%
Meksika
65%
Polonya
65%
İzlanda
64%
Kuzey Kıbrıs Türk Cumhuriyeti
64%
Tunus
64%
Bangladeş
63%
Suriye
63%
Cezayir
62%
Güney Afrika Cumhuriyeti
62%
Mısır
62%
Irak
61%
İran
61%
Kuzey Makedonya
61%
Güney Kıbrıs Rum Yönetimi
60%
Lübnan
59%
Vietnam
59%
Kazakistan
58%
Kosova
58%
Jamaika
57%
Kuzey Kore
57%
Nepal
57%
Bosna Hersek
56%
Özbekistan
56%
Uruguay
56%
Türkmenistan
55%
Avusturya
54%
Fildişi Sahili
54%
Vatikan Şehri
54%
Çek Cumhuriyeti
53%
Hırvatistan
53%
Endonezya
52%
Malezya
52%
Malta
52%
Singapur
52%
Sırbistan
52%
Kenya
51%
Portekiz
51%
San Marino
50%
Kamerun
49%
Fas
48%
Libya
48%
Romanya
48%
Slovakya
48%
Venezuela
48%
Şili
47%
Dominik Cumhuriyeti
46%
Ermenistan
46%
Katar
46%
Birleşik Arap Emirlikleri
45%
Estonya
45%
Küba
45%
Somali
45%
Ukrayna
45%
Slovenya
44%
Lüksemburg
43%
Panama
43%
Peru
42%
Belarus
40%
Butan
40%
Demokratik Kongo Cumhuriyeti
40%
Monako
40%
Tayland
40%
Yemen
40%
Filipinler
39%
Kolombiya
39%
Madagaskar
39%
Angola
38%
Kırgızistan
38%
Nijerya
38%
Çin Cumhuriyeti
37%
Maldivler
37%
Bahreyn
36%
Kuveyt
36%
Moğolistan
36%
Tacikistan
36%
Ürdün
36%
Barbados
35%
Nijer
35%
Senegal
35%
Moldova
34%
Myanmar
34%
Karadağ
33%
Papua Yeni Gine
33%
Seyşeller
33%
Sri Lanka
33%
Afganistan
32%
Burkina Faso
32%
Gabon
32%
Moritanya
32%
Umman
32%
Etiyopya
31%
Kamboçya
31%
Andorra
30%
Honduras
30%
Lihtenştayn
30%
Palau
30%
Çad
29%
Ekvador
29%
Kosta Rika
29%
Laos
29%
Letonya
29%
Litvanya
29%
Tonga
28%
Gana
27%
Liberya
27%
Paraguay
26%
Tanzanya
25%
Uganda
25%
Burundi
24%
Güney Sudan
24%
Sudan
23%
Esvatini
22%
Komorlar
22%
Brunei
21%
El Salvador
21%
Kiribati
21%
Mali
21%
Zimbabve
21%
Antigua ve Barbuda
20%
Fiji
20%
Haiti
20%
Malavi
20%
Marşhall Adaları
20%
Mozambik
20%
Eritre
19%
Gine
19%
Mikronezya
19%
Nauru
19%
Nikaragua
19%
Bahamalar
18%
Belize
18%
Cibuti
18%
Doğu Timor
18%
Kongo Cumhuriyeti
18%
Trinidad ve Tobago
18%
Zambiya
18%
Botsvana
17%
Dominika
17%
Ruanda
17%
Togo
17%
Orta Afrika Cumhuriyeti
16%
Surinam
16%
Yeşil Burun Adaları
16%
Benin
15%
Ekvator Ginesi
15%
Guatemala
15%
Lesotho
15%
Guyana
14%
Namibya
14%
Samoa
14%
Grenada
13%
Saint Kitts ve Nevis
13%
Saint Lucia
13%
Sierra Leone
13%
Tuvalu
13%
Vanuatu
13%
Gine Bissau
12%
Bolivya
11%
Gambiya
11%
Mauritius
11%
Saint Vincent ve Grenadinler
11%
Sao Tome ve Principe
11%
Solomon Adaları
10%

Score Distribution

Percentile by Number Answered

Percent of People with Each Score

Your Score History

You have not taken this quiz